The artist in tribal society (Record no. 84379)

MARC details
000 -LEADER
fixed length control field 00701nam a2200157 a 4500
008 - FIXED-LENGTH DATA ELEMENTS--GENERAL INFORMATION
fixed length control field 120416s1961 ||||||||||||||||| || u
050 ## - LIBRARY OF CONGRESS CALL NUMBER
Classification number N 5310 Sym
100 ## - MAIN ENTRY--PERSONAL NAME
Personal name Smith, Marian W
245 14 - TITLE STATEMENT
Title The artist in tribal society
Statement of responsibility, etc. edited by Marian W. Smith
246 ## -
-- proceedings...
260 ## - PUBLICATION, DISTRIBUTION, ETC.
Place of publication, distribution, etc. London
Name of publisher, distributor, etc. Routledge and Kegan Paul
Date of publication, distribution, etc. 1961
300 ## - PHYSICAL DESCRIPTION
Extent xiii, 150p. : ill.
350 ## -
-- 0.00
995 ## -
-- ANNEX COLLECTION (Main Library)
-- 0.00
-- 012321
-- CBU-MAIN LIBRARY (Kitwe)
-- 2
-- 0.00
-- N 5310 Sym
-- 2
-- AVAILABLE
-- 009771
-- Annex Low-Usage Collection
995 ## -
-- ANNEX COLLECTION (Main Library)
-- 0.00
-- 012320
-- CBU-MAIN LIBRARY (Kitwe)
-- 1
-- 0.00
-- N 5310 Sym
-- 1
-- AVAILABLE
-- 009770
-- Annex Low-Usage Collection
999 ## -
-- 84379
-- 84379
Holdings
Withdrawn status Lost status Source of classification or shelving scheme Damaged status Not for loan Permanent Location Current Location Shelving location Date acquired Total Checkouts Full call number Barcode Date last seen Copy number Price effective from Koha item type
          CBU-MAIN LIBRARY, KITWE. CBU-MAIN LIBRARY, KITWE.   01/25/2024   N 5310 Sym 009771 01/25/2024 1 01/25/2024 MONOGRAPH
          CBU-MAIN LIBRARY, KITWE. CBU-MAIN LIBRARY, KITWE.   01/25/2024   N 5310 Sym 009770 01/25/2024 2 01/25/2024 MONOGRAPH